000 00267nam a22001217a 4500
008 180215b xxu||||| |||| 00| 0 eng d
041 _aeng
080 _23rd
_a82
100 _a21
101 _aGJL
245 _aWriting with a purpose
_cCrimmon,J.M
942 _2udc
_cBK
999 _c42614
_d42614